Introduction to Modern Cryptography (E-BOOK) (Record no. 219355)

000 -LEADER
fixed length control field 00388 a2200157 4500
003 - CONTROL NUMBER IDENTIFIER
control field Nust
005 - DATE AND TIME OF LATEST TRANSACTION
control field 20170207171855.0
040 ## - CATALOGING SOURCE
Transcribing agency Nust
082 ## - DEWEY DECIMAL CLASSIFICATION NUMBER
Classification number 005.8
100 ## - MAIN ENTRY--PERSONAL NAME
Personal name Mihir Bellare
245 ## - TITLE STATEMENT
Title Introduction to Modern Cryptography (E-BOOK)
Statement of responsibility, etc. Mihir Bellare and Phillip Rogaway
260 ## - PUBLICATION, DISTRIBUTION, ETC.
Place of publication, distribution, etc. California
Name of publisher, distributor, etc. USA
Date of publication, distribution, etc. 2001
300 ## - PHYSICAL DESCRIPTION
Extent 203 p
650 ## - SUBJECT ADDED ENTRY--TOPICAL TERM
Topical term or geographic name entry element Modern Cryptography
651 ## - SUBJECT ADDED ENTRY--GEOGRAPHIC NAME
Geographic name E-Book
942 ## - ADDED ENTRY ELEMENTS (KOHA)
Source of classification or shelving scheme
Koha item type Book
Holdings
Withdrawn status Lost status Source of classification or shelving scheme Damaged status Not for loan Collection code Permanent Location Current Location Date acquired Total Checkouts Barcode Date last seen Price effective from Koha item type
            Military College of Signals (MCS) Military College of Signals (MCS) 12/12/2016   MCSEB-2042 12/08/2016 12/12/2016 Book
© 2023 Central Library, National University of Sciences and Technology. All Rights Reserved.